00641nam a22002057a 4500003000500000005001700005008004100022010001000063011001000073035001000083040000900093100003200102245009600134260003000230300001900260502007000279650004400349650002600393650001600419CHAP20220329134055.0971013s1954 r 00010 d a15028 a16000 a20078 cCHAP00aHerrera Bazán, Severiano. aSituación forestal en la cuenca hidrológica del río Tepalcatepec, Edo. de Michoacán a(s.l.) :bEl Autor,c1954 a76 h.b: ilus. aTesis (Ing. Agrónomo Esp. en Bosques) -- ENA. Depto. de Bosques14aBosquesxAdministraciónxMichoacán.14aBosquesxInfluencias.14aPináceas.